United States Army Ranking Structure Quiz Stats

 Plays Quiz not verified by Sporcle

Challenge
Share
Tweet
Embed
Score 0/29 Timer 06:00
0 Plays Today
Pay-Grade Ranks % Correct
E-1Private
97.3%
E-2Private
97.3%
E-5Sergeant
88.6%
O-10General
87.5%
E-4Corporal
85.5%
O-4Major
82.2%
O-3Captain
79.7%
O-6Colonel
78.7%
E-3Private First Class
78.1%
E-6Staff Sergeant
70.7%
E-9Sergeant Major
66.5%
E-4Specialist
66.3%
O-21st Lieutenant
66.2%
O-12nd Lieutenant
66.1%
O-8Major General
66%
Pay-Grade Ranks % Correct
O-5Lieutenant Colonel
64.5%
O-7Brigadier General
60.9%
O-9Lieutenant General
60.6%
E-8Master Sergeant
59.8%
E-7Sergeant First Class
59.3%
O-10General of the Army
58.2%
E-8First Sergeant
54.8%
E-9Sergeant Major of the Army
46.6%
W-1Warrant Officer 1
43.5%
E-9Command Sergeant Major
42.8%
W-2Chief Warrant Officer 2
35.5%
W-3Chief Warrant Officer 3
35.2%
W-4Chief Warrant Officer 4
35%
W-5Chief Warrant Officer 5
34.7%

You're not logged in!

Compare scores with friends on all Sporcle quizzes.
Join for Free
OR
Log In

You Might Also Like...

Show Comments

Extras

Top Quizzes Today


Score Distribution

Your Account Isn't Verified!

In order to create a playlist on Sporcle, you need to verify the email address you used during registration. Go to your Sporcle Settings to finish the process.

Report this User

Report this user for behavior that violates our Community Guidelines.

Details: